[Event "Zgazig Sharkia op 3rd"]
[Site "Zgazig"]
[Date "2013.03.11"]
[Round "2"]
[White "Ameir, Moheb"]
[Black "Morsy, Ahmed Fatehy"]
[Result "1-0"]
[WhiteElo "2271"]
[BlackElo "1735"]
[PlyCount "29"]
[EventDate "2013.03.10"]
[EventType "swiss"]
[EventRounds "9"]
[EventCountry "EGY"]
[SourceTitle "CBM 153 Extra"]
[Source "ChessBase"]
[SourceDate "2013.04.22"]
[SourceVersion "1"]
[SourceVersionDate "2013.04.22"]
[SourceQuality "1"]

1. e4 e5 2. Nf3 Nc6 3. Bb5 Nf6 4. 0-0 Bc5 5. Nxe5 Nxe5 6. d4 Bb6 7. dxe5 Nxe4 8. Qg4 Nxf2 9. Rxf2 Qe7 10. Qxg7 Rf8 11. Bh6 Bxf2+ 12. Kxf2 Qc5+ 13. Kg3 a6 14. Bd3 d6 15. Qxf8+ 1-0